LEADER 00983cam0-2200337---450- 001 990008171950403321 005 20100428114732.0 010 $a88-203-3060-1 035 $a000817195 035 $aFED01000817195 035 $a(Aleph)000817195FED01 035 $a000817195 100 $a20050727d2002----km-y0itay50------ba 101 0 $aita 102 $aIT 105 $aa-------001yy 200 1 $aManuale di programmazione dei PLC$econ particolare riferimento alle CPU SIEMENS S7-200 e al linguaggio micro step 7$fLuca Bergamaschi 205 $a2 ed. 210 $aMilano$cHoepli$d2002 215 $a463 p.$cill.$d24 cm 225 1 $aBiblioteca tecnica Hoepli 610 0 $aPLC 676 $a629.89$v21$zita 700 1$aBergamaschi,$bLuca$0320520 801 0$aIT$bUNINA$gREICAT$2UNIMARC 901 $aBK 912 $a990008171950403321 952 $a10 C 539$bDIEL 3085$fDINEL 959 $aDINEL 996 $aManuale di programmazione dei PLC$9735954 997 $aUNINA LEADER 01241nam 2200421 450 001 9910511698503321 005 20191230162108.0 010 $a3-7369-4554-X 035 $a(CKB)4340000000197220 035 $a(MiAaPQ)EBC5019244 035 $a(EXLCZ)994340000000197220 100 $a20191230d2014 uy 0 101 0 $aeng 135 $aurcnu|||||||| 181 $ctxt$2rdacontent 182 $cc$2rdamedia 183 $acr$2rdacarrier 200 10$aLowering of the boiling curve of biodiesel by metathesis /$fAxel Munack 205 $a1. Auflage. 210 1$aGo?ttingen :$cCuvillier Verlag,$d2014. 215 $a1 online resource (99 pages) $cillustrations 225 0 $aFuels Joint Research Group ;$vBand 4 311 $a3-95404-554-0 320 $aIncludes bibliographical references. 606 $aBiodiesel fuels 606 $aMetathesis 608 $aElectronic books. 615 0$aBiodiesel fuels. 615 0$aMetathesis. 676 $a665.37 700 $aMunack$b A$g(Axel),$01065914 801 0$bMiAaPQ 801 1$bMiAaPQ 801 2$bMiAaPQ 906 $aBOOK 912 $a9910511698503321 996 $aLowering of the boiling curve of biodiesel by metathesis$92548260 997 $aUNINA